Nghiên cứu đề xuất giải pháp giảm nhẹ thiệt hại do ảnh hưởng cùa các loại hình thời tiết đặc biệt đến sản cuất lượng thực tỉnh Đồng Tháp Khóa luận tốt nghiệp : Ngành Sư phạm địa lí:Trình độ : Đại học

Gorde:
Xehetasun bibliografikoak
Egile nagusia: Trần, Ngọc Duy
Beste egile batzuk: Trịnh, Phi Hoành, Nguyễn, Thị Mỹ Nga (hướng dẫn)
Formatua: Luận văn Kit Liburua
Hizkuntza:Vietnamese
Argitaratua: Đồng Tháp Trường Đại học Đồng Tháp 2014
Gaiak:
Etiketak: Etiketa erantsi
Etiketarik gabe, Izan zaitez lehena erregistro honi etiketa jartzen!
Thư viện lưu trữ: Trung tâm Học liệu Lê Vũ Hùng, Trường Đại học Đồng Tháp
LEADER 01626ppm a22003858a 4500
001 00032536
005 20171026081025.0
008 141001s2014 ||||||viesd
041 0 # |a vie 
082 1 4 |a 551.6  |b NGH305C 
100 0 # |a Trần, Ngọc Duy 
245 1 0 |a Nghiên cứu đề xuất giải pháp giảm nhẹ thiệt hại do ảnh hưởng cùa các loại hình thời tiết đặc biệt đến sản cuất lượng thực tỉnh Đồng Tháp  |b Khóa luận tốt nghiệp : Ngành Sư phạm địa lí:Trình độ : Đại học  |c Trần Ngọc Duy, Nguyễn Thị Mỹ Nga; Trịnh Phi Hoành (hướng dẫn) 
260 # # |a Đồng Tháp  |b Trường Đại học Đồng Tháp  |c 2014 
300 # # |e 1 bản tóm tắt  |a 80 tr. + phụ lục  |c 30 cm.  |b ảnh màu 
500 # # |a ĐTTTS ghi: Bộ Giáo dục và Đào tạo. Trường Đại học Đồng Tháp. Khoa Sư phạm Ngữ văn - Sử - Địa 
653 # # |a Khí hậu 
653 # # |a Khóa luận 
653 # # |a Ảnh hưởng 
653 # # |a Đồng Tháp 
653 # # |a Thời tiết 
653 # # |a Sản xuất lương thực 
653 # # |a Nghiên cứu 
700 1 # |a Trịnh, Phi Hoành  |e hướng dẫn 
700 1 # |a Nguyễn, Thị Mỹ Nga 
852 # # |j KD.0016095 
852 # # |b Kho đọc  |j KD.0016095 
910 0 # |d 1/10/2014 
980 # # |a Trung tâm Học liệu Lê Vũ Hùng, Trường Đại học Đồng Tháp